| Tag |
First Indicator |
Second Indicator |
Subfields |
| LEADER |
00000cam a22000001 4500 |
| 001 |
in00000054821 |
| 005 |
20151008052118.0 |
| 008 |
790611s1965 nyuac 000 0aeng |
| 010 |
|
|
|a 65019908
|
| 016 |
7 |
|
|a 002126804
|2 Uk
|
| 019 |
|
|
|a 220577066
|a 309337170
|
| 035 |
|
|
|a (OCoLC)ocm00456846
|
| 035 |
|
|
|a (OCoLC)00456846
|
| 035 |
|
|
|9 AAH1735AM
|
| 035 |
|
|
|a (OCoLC)456846
|z (OCoLC)220577066
|z (OCoLC)309337170
|
| 040 |
|
|
|a DLC
|b eng
|c DLC
|d BTCTA
|d LVB
|d OCLCG
|d OCLCQ
|d NIALS
|d UIU
|d O5G
|d GBVCP
|d OCLCO
|d UKMGB
|d UtOrBLW
|
| 043 |
|
|
|a n-us---
|
| 049 |
|
|
|a TXAM
|
| 050 |
0 |
0 |
|a E745.L4
|b A3
|
| 082 |
0 |
0 |
|a 358.413320924
|
| 082 |
1 |
4 |
|a B
|
| 090 |
|
|
|a E745.L4
|b A3 1965
|
| 100 |
1 |
|
|a LeMay, Curtis E.
|
| 245 |
1 |
0 |
|a Mission with LeMay ;
|b my story /
|c by Curtis E. LeMay with MacKinlay Kantor.
|
| 250 |
|
|
|a [1st ed.].
|
| 264 |
|
1 |
|a Garden City, N.Y. :
|b Doubleday,
|c 1965.
|
| 300 |
|
|
|a xiv, 581 pages :
|b illustrations, portraits ;
|c 24 cm.
|
| 336 |
|
|
|a text
|b txt
|2 rdacontent
|
| 337 |
|
|
|a unmediated
|b n
|2 rdamedia
|
| 338 |
|
|
|a volume
|b nc
|2 rdacarrier
|
| 500 |
|
|
|a One of the Cushing Library Ragan Military copies is a gift of Ben Allen Jr. '56.
|
| 500 |
|
|
|a One of the Cushing Library/Ragan Military copies is signed by the authors.
|
| 500 |
|
|
|a Includes index.
|
| 500 |
|
|
|a The Cushing Library/Ragan Military copy is signed by the authors.
|
| 520 |
|
|
|a The personal and outspoken story of a history-making general,written in unique and intimate collaboration with an authorof international fame.
|
| 541 |
0 |
|
|a Donated by Ben Allen Jr. '56
|d 20090218
|
| 600 |
1 |
0 |
|a LeMay, Curtis E.
|
| 610 |
1 |
0 |
|a United States.
|b Army.
|b Air Corps
|x History.
|
| 610 |
1 |
0 |
|a United States.
|b Air Force
|x History.
|
| 610 |
1 |
6 |
|a États-Unis.
|b Army.
|b Air Corps
|x Histoire.
|
| 610 |
1 |
6 |
|a États-Unis.
|b Air Force
|x Histoire.
|
| 653 |
|
0 |
|a United States / Air Force
|a History
|
| 653 |
|
0 |
|a United States / Army / Air Corps
|a History
|
| 700 |
1 |
|
|a Kantor, MacKinlay,
|d 1904-1977.
|
| 776 |
0 |
8 |
|i Online version:
|a LeMay, Curtis E.
|t Mission with LeMay.
|b [1st ed.]
|d Garden City, N.Y., Doubleday, 1965
|w (OCoLC)651842772
|
| 938 |
|
|
|a Baker and Taylor
|b BTCP
|n 65019908
|
| 948 |
|
|
|a updated
|b h
|c 2013/12/3
|d c
|e junters
|f 3:17:00 pm
|
| 994 |
|
|
|a C0
|b TXA
|
| 999 |
|
|
|a MARS
|
| 999 |
f |
f |
|s 24300af0-6c29-3268-a3bc-a630c24af9da
|i 4c122a0b-9aef-32f1-93a8-4db75040faf5
|t 0
|
| 952 |
f |
f |
|p noncirc
|a Texas A&M University
|b College Station
|c Cushing Memorial Library & Archives
|d Cushing: Ragan Military (Does not check out)
|t 0
|e E745.L4 A3 1965
|h Library of Congress classification
|i unmediated -- volume
|
| 952 |
f |
f |
|p noncirc
|a Texas A&M University
|b College Station
|c Cushing Memorial Library & Archives
|d Cushing: Ragan Military (Does not check out)
|t 0
|e E745.L4 A3 1965
|h Library of Congress classification
|i unmediated -- volume
|
| 952 |
f |
f |
|p ric
|a Texas A&M University
|b Rellis Campus
|c Joint Library Facility
|d Remote Storage
|t 0
|e E745.L4 A3 1965
|h Library of Congress classification
|i unmediated -- volume
|m A14834338000
|
| 998 |
f |
f |
|a E745.L4 A3 1965
|t 0
|l Remote Storage
|
| 998 |
f |
f |
|a E745.L4 A3 1965
|t 0
|l Cushing: Ragan Military (Does not check out)
|
| 998 |
f |
f |
|a E745.L4 A3 1965
|t 0
|l Cushing: Ragan Military (Does not check out)
|